| 000 | 01173cam a2200337 a 4500 | ||
|---|---|---|---|
| 001 | 00025231 | ||
| 003 | DLC | ||
| 005 | 20251222124638.0 | ||
| 008 | 000218s2000 nyua b 001 0 eng | ||
| 010 | _a00025231 | ||
| 020 | _a0810928728 (pbk.) | ||
| 020 | _a9780810928725 (pbk.) | ||
| 040 |
_aDLC _cDLC _dUKM _dJBO _dC#P _dBAKER _dBTCTA _dYDXCP _dVP@ _dCFU |
||
| 041 | 1 |
_aeng _hfre |
|
| 050 | 0 | 0 |
_aTP897 _b.D3913 2000 |
| 082 | 0 | 0 |
_a667.2 D39 2000 _221 |
| 090 |
_aTP897 _b.D3913 2000 |
||
| 100 | 1 | _aDelamare, François. | |
| 240 | 1 | 0 |
_aMateriaux de la couleur. _lEnglish. |
| 245 | 1 | 0 |
_aColors : _bthe story of dyes and pigments / _cFrançois Delamare and Bernard Guineau. |
| 260 |
_aNew York : _bH.N. Abrams, _cc2000. |
||
| 300 |
_a159 p. : _bill. (some col.) ; _c18 cm. |
||
| 490 | 1 | _aDiscoveries. | |
| 504 | _aIncludes bibliographical references and index. | ||
| 505 | 0 | _aPainting and dyeing -- Colors in the middle ages -- The explosion of supply and demand -- The triumph of industrial chemistry. | |
| 650 | 0 | _aDyes and dyeing. | |
| 650 | 0 | _aPigments. | |
| 700 | 1 |
_aGuineau, Bernard, _d1935- |
|
| 830 | 0 | _aDiscoveries (New York, N.Y.) | |
| 942 |
_2ddc _cBK-EN _n0 |
||
| 999 |
_c8434 _d8434 |
||